00640nam a2200181 a 450000100100000000500170001000800410002702000150006804000250008308200140010810000370012224501340015926000660029330000210035949000190038070000380039983000210043700002541220200930023754.0110215s1993 uy r 000 c spa d a9974360269 aDO-SdBNPbspacBNPHU aNNNbE77p1 aEspínola, Franciscod1901-197310aPaco :blos mejores cuentos de Francisco Espínola /cFrancisco Espínola ; selección y prólogo de Ana Inés Larre Borges. aMontevideo, (Uruguay) :bInstituto Nacional del Libro,c1993. a157 p. ;c24 cm.1 aBrazo cortov91 aLarre Borges, Ana Inésepról. 0aBrazo corto ;v9